| 000 | 00633nam a22001817a 4500 | ||
|---|---|---|---|
| 008 | 220920b |||||||| |||| 00| 0 eng d | ||
| 020 | _a0415476171 | ||
| 050 |
_aLB1060 _b.H38 2009 C.1 |
||
| 100 | _aHattie, John A. C. | ||
| 245 |
_aVisible learning: _bA synthesis of over 800 meta-analyses relating to achievement/ _cJohn A. C. Hattie |
||
| 260 |
_aLondon _bRoutledge _c2009 |
||
| 300 |
_aix, 378p. _bill. |
||
| 650 |
_aLearning _vLongitudinal studies |
||
| 650 |
_aTeaching _vLongitudinal studies |
||
| 650 |
_aEffective teaching _vLongitudinal studies |
||
| 650 |
_aTeacher effectiveness _vLongitudinal studies |
||
| 942 |
_2lcc _cBK |
||
| 999 |
_c19509 _d19508 |
||